000 00331nam a22001457a 4500
008 180814b xxu||||| |||| 00| 0 eng d
020 _a9781452203348
041 _aeng
080 _a311
082 _a311
100 _a55
101 _aSTA
245 _aStatistics for the behavioral sciences
_cPrivitera.G.J
942 _2udc
_cBK
999 _c47164
_d47164